| 000 | 01113nam a2200217Ia 4500 | ||
|---|---|---|---|
| 001 | 15830 | ||
| 003 | GE_BSU | ||
| 008 | 181216s||||||||xx |||||||||||||| ||und|| | ||
| 040 | _cGE_BSU | ||
| 080 | _a821.353.1-97 | ||
| 100 | _aცურტაველი,იაკობ | ||
| 245 | _aმარტვილობაი შუშანიკისი | ||
| 245 | _cქართული და სომხური ტექსტები გამოსცა, გამოკვლევა, ვარიანტები, ლექსიკონი და საძიებლები დაურთო ილია აბულაძემ | ||
| 260 | _aთბილისი | ||
| 260 | _bთბილ. უნ-ტის გამ-ბა | ||
| 260 | _c1938 | ||
| 300 | _a120გვ. ; 25სმ. | ||
| 520 | _aდამატებითი თავფურცელი რუსულ-სომხურ ენებზე. - ტექსტი ქართულ-სომხურ ენებზე | ||
| 653 | _aმარტვილობაი შუშანიკისი | ||
| 942 | _cBK | ||
| 999 |
_c48927 _d48927 |
||